[Event "CRO-chT2 West"]
[Site "Croatia"]
[Date "2017.04.08"]
[Round "4.4"]
[White "Milevoj, Cedomir"]
[Black "Matkun, Maksim"]
[Result "1-0"]
[WhiteElo "1913"]
[BlackElo "1948"]
[PlyCount "113"]
[EventDate "2017.03.25"]
[EventType "team-tourn"]
[EventRounds "9"]
[EventCountry "CRO"]
[SourceTitle "EXT 2020"]
[Source "ChessBase"]
[SourceDate "2019.10.17"]
[SourceVersion "1"]
[SourceVersionDate "2019.10.17"]
[SourceQuality "1"]

1. d4 Nf6 2. c4 g6 3. Nc3 Bg7 4. e4 d6 5. Nf3 0-0 6. Bg5 c5 7. d5 h6 8. Bf4 Nh5 9. Be3 e5 10. dxe6 Bxe6 11. Be2 Nf6 12. Qd2 g5 13. Rd1 Qa5 14. 0-0 Ng4 15. Nb5 Qb6 16. Bxg5 hxg5 17. Qxg5 Nd7 18. Rxd6 Qd8 19. b3 a6 20. Qxd8 Raxd8 21. Nc7 Nde5 22. Rfd1 Rxd6 23. Rxd6 Nxf3+ 24. gxf3 Ne5 25. Kg2 Bc8 26. Nd5 Nc6 27. f4 Re8 28. e5 Re6 29. Bg4 Rxd6 30. Bxc8 Rg6+ 31. Kf1 Nd8 32. Ne7+ Kf8 33. Nxg6+ fxg6 34. Ke2 a5 35. Ke3 Bh6 36. Ke4 Ke7 37. f5 gxf5+ 38. Kxf5 b6 39. f4 Nc6 40. Ke4 Nb4 41. a4 Nc6 42. f5 Nd4 43. f6+ Kf7 44. Bb7 Bf8 45. h4 Kg6 46. Bc8 Nxb3 47. Bd7 Nd4 48. Be8+ Kh6 49. Kd5 Nf5 50. e6 Nxh4 51. e7 Bxe7 52. fxe7 Nf5 53. Ke6 Kg5 54. Bd7 Nxe7 55. Kxe7 Kf4 56. Kd6 Ke4 57. Kc7 1-0

[Event "CRO-chT3B Center North"]
[Site "Croatia"]
[Date "2012.05.12"]
[Round "4.12"]
[White "Matkun, Maksim"]
[Black "Srnec, Sladjan"]
[Result "0-1"]
[WhiteElo "1891"]
[BlackElo "1946"]
[PlyCount "86"]
[EventDate "2012.04.14"]
[EventType "team-tourn"]
[EventRounds "9"]
[EventCountry "CRO"]
[SourceTitle "EXT 2013"]
[Source "ChessBase"]
[SourceDate "2012.11.22"]
[SourceVersion "1"]
[SourceVersionDate "2012.11.22"]
[SourceQuality "1"]

1. e4 d6 2. d4 g6 3. Nc3 Bg7 4. Be3 Nd7 5. Qd2 c5 6. Nf3 cxd4 7. Nxd4 a6 8. h4 Qa5 9. a3 Ngf6 10. Nb3 Qd8 11. Bh6 Bxh6 12. Qxh6 Qb6 13. f3 Nc5 14. Bc4 Be6 15. Nd5 Bxd5 16. exd5 Nxb3 17. Bxb3 Qa5+ 18. Qd2 Qxd2+ 19. Kxd2 Rc8 20. a4 Rc5 21. c4 0-0 22. Ba2 Rc7 23. b4 a5 24. Rab1 axb4 25. Rxb4 Ra8 26. Rhb1 Ra7 27. R1b2 Nd7 28. Bb1 Kg7 29. Ke3 h6 30. Bd3 Kf6 31. g4 Nc5 32. Bc2 Rc8 33. f4 Kg7 34. Kd4 Rca8 35. Bd1 f6 36. Re2 Kf7 37. f5 gxf5 38. gxf5 Rg8 39. Rh2 Rg3 40. Bc2 Ra8 41. Rb5 Rag8 42. Re2 R8g4+ 43. Be4 Rd3# 0-1

[Event "CRO-chT U20 21st"]
[Site "Topusko"]
[Date "2012.04.03"]
[Round "6.41"]
[White "Monjac, Mislav"]
[Black "Matkun, Maksim"]
[Result "1-0"]
[WhiteElo "2054"]
[BlackElo "1891"]
[PlyCount "77"]
[EventDate "2012.04.01"]
[EventType "team-tourn"]
[EventRounds "11"]
[EventCountry "CRO"]
[SourceTitle "EXT 2013"]
[Source "ChessBase"]
[SourceDate "2012.11.22"]
[SourceVersion "1"]
[SourceVersionDate "2012.11.22"]
[SourceQuality "1"]

1. e4 e6 2. Qe2 c5 3. g3 Nc6 4. Nf3 Be7 5. Bg2 Nf6 6. 0-0 0-0 7. d3 d5 8. e5 Nd7 9. c4 Nb6 10. Bf4 f5 11. h4 d4 12. Nbd2 Bd7 13. a3 Be8 14. Ng5 Qc8 15. Ndf3 h6 16. Nh3 Bh5 17. Rfb1 a5 18. Qd2 Kh7 19. Re1 Rg8 20. Qd1 Bg4 21. Bd2 Qd7 22. Qb3 Bd8 23. Qb5 Qe7 24. b4 cxb4 25. axb4 Bxh3 26. Bxh3 Nxb4 27. Bxb4 Qxb4 28. Qxb4 axb4 29. Rxa8 Nxa8 30. Nxd4 Nc7 31. Nxe6 Nxe6 32. Bxf5+ g6 33. Bxe6 Re8 34. Bd7 Re7 35. e6 Bb6 36. Re5 Bd4 37. Rb5 Bc3 38. Rxb7 Kg7 39. c5 1-0

[Event "CRO-chT3B Center North"]
[Site "Croatia"]
[Date "2011.10.29"]
[Round "9.53"]
[White "Srsan, Matija"]
[Black "Matkun, Maksim"]
[Result "1-0"]
[WhiteElo "1827"]
[BlackElo "1873"]
[PlyCount "53"]
[EventDate "2011.03.26"]
[EventType "team-tourn"]
[EventRounds "9"]
[EventCountry "CRO"]
[SourceTitle "EXT 2014"]
[Source "ChessBase"]
[SourceDate "2013.11.20"]
[SourceVersion "1"]
[SourceVersionDate "2013.11.20"]
[SourceQuality "1"]

1. e4 e6 2. d4 d5 3. Nd2 Nf6 4. Bd3 c5 5. Ngf3 c4 6. Be2 dxe4 7. Ne5 Qxd4 8. Nexc4 Bc5 9. 0-0 0-0 10. c3 Qd5 11. b4 Be7 12. Qc2 Nc6 13. Ne3 Qe5 14. Bb2 Rd8 15. a3 a6 16. Rad1 b5 17. Nb3 Qc7 18. Rxd8+ Nxd8 19. c4 bxc4 20. Nxc4 Bb7 21. Be5 Qc8 22. Qb2 Qc6 23. Nba5 Qe8 24. Nb6 Rc8 25. Nxc8 Bxc8 26. Rc1 Qd7 27. Rc7 1-0

[Event "CRO-chT3B Center North"]
[Site "Croatia"]
[Date "2011.10.15"]
[Round "7.4"]
[White "Sardi, Darko"]
[Black "Matkun, Maksim"]
[Result "1/2-1/2"]
[WhiteElo "2016"]
[BlackElo "1873"]
[PlyCount "69"]
[EventDate "2011.03.26"]
[EventType "team-tourn"]
[EventRounds "9"]
[EventCountry "CRO"]
[SourceTitle "EXT 2014"]
[Source "ChessBase"]
[SourceDate "2013.11.20"]
[SourceVersion "1"]
[SourceVersionDate "2013.11.20"]
[SourceQuality "1"]

1. e4 e6 2. d4 d5 3. Nd2 Nf6 4. e5 Nfd7 5. f4 c5 6. c3 Nc6 7. Ngf3 Qb6 8. Nb3 c4 9. Nbd2 Be7 10. Be2 0-0 11. 0-0 f6 12. Kh1 a5 13. a4 Rd8 14. Qe1 Nf8 15. g4 Bd7 16. Qg3 fxe5 17. fxe5 Ng6 18. Rg1 Rf8 19. Nf1 Rf7 20. h4 Raf8 21. N1h2 Nf4 22. Bf1 Be8 23. g5 Rf5 24. Bxf4 Rxf4 25. Bh3 Nd8 26. Rg2 Bg6 27. Rf2 Be4 28. Kg1 Qc6 29. Bg4 Qe8 30. Bh3 Kh8 31. Bg2 Qg6 32. Raf1 Qe8 33. Ra1 Nc6 34. Bh3 Bd8 35. Bg4 1/2-1/2

[Event "CRO-chT3B Center North"]
[Site "Croatia"]
[Date "2011.05.07"]
[Round "4.44"]
[White "Skvorc, Emanuel"]
[Black "Matkun, Maksim"]
[Result "1/2-1/2"]
[WhiteElo "1746"]
[BlackElo "1847"]
[PlyCount "62"]
[EventDate "2011.03.26"]
[EventType "team-tourn"]
[EventRounds "9"]
[EventCountry "CRO"]
[SourceTitle "EXT 2014"]
[Source "ChessBase"]
[SourceDate "2013.11.20"]
[SourceVersion "1"]
[SourceVersionDate "2013.11.20"]
[SourceQuality "1"]

1. e4 e6 2. d4 d5 3. Nc3 Bb4 4. e5 c5 5. a3 Bxc3+ 6. bxc3 Ne7 7. Qg4 Nbc6 8. Qxg7 Rg8 9. Qxh7 cxd4 10. Ne2 dxc3 11. Nxc3 Nxe5 12. Bb5+ Bd7 13. 0-0 Qc7 14. Bxd7+ Nxd7 15. Nb5 Qc6 16. Nd4 Qc7 17. Re1 Nf6 18. Qh4 Ne4 19. f3 Ng6 20. Qg4 Nf6 21. Nxe6 fxe6 22. Rxe6+ Kf7 23. Qf5 Qc3 24. Rb1 Rae8 25. Rxb7+ Re7 26. Bb2 Qxb2 27. Rxb2 Rxe6 28. Rb7+ Re7 29. Rxe7+ Nxe7 30. Qf4 Rc8 31. g4 Rc4 1/2-1/2

[Event "CRO-chT U20 20th"]
[Site "Sv Filip i Jakov"]
[Date "2011.04.28"]
[Round "6"]
[White "Matkun, Maksim"]
[Black "Filipovic, Josip"]
[Result "1/2-1/2"]
[WhiteElo "1847"]
[BlackElo "1810"]
[PlyCount "105"]
[EventDate "2011.04.26"]
[EventType "team-tourn"]
[EventRounds "11"]
[EventCountry "CRO"]
[SourceTitle "EXT 2012"]
[Source "ChessBase"]
[SourceDate "2011.11.24"]
[SourceVersion "1"]
[SourceVersionDate "2011.11.24"]
[SourceQuality "1"]

1. e4 c5 2. Nf3 e6 3. c3 d6 4. d4 cxd4 5. cxd4 a6 6. a4 Nf6 7. Nc3 Be7 8. Bd3 0-0 9. h4 Nc6 10. e5 dxe5 11. dxe5 Nd5 12. Bxh7+ Kh8 13. Be4 Nxc3 14. bxc3 Qxd1+ 15. Kxd1 Bd7 16. Be3 b5 17. Nd4 Rac8 18. axb5 axb5 19. Nxc6 Bxc6 20. Bxc6 Rxc6 21. Bg5 Bc5 22. Ke2 b4 23. cxb4 Bxb4 24. Rhc1 Rxc1 25. Rxc1 Ra8 26. Rc2 Ra5 27. Bf4 Bc5 28. Bd2 Rb5 29. f4 Bd4 30. g4 Rb3 31. Rc4 Bb2 32. Rb4 Rxb4 33. Bxb4 Bc1 34. Bd2 Ba3 35. Kf3 Bc5 36. Be1 Kh7 37. Ke4 Kg8 38. f5 Kf8 39. h5 Kg8 40. Bh4 Kf8 41. f6 Bb4 42. g5 Bd2 43. g6 Bc1 44. Bf2 Ba3 45. Kd3 Kg8 46. Kc4 Bc1 47. Bd4 Bf4 48. Kd3 Bc1 49. Bc5 Bb2 50. Ke4 gxf6 51. gxf7+ Kxf7 52. exf6 Kxf6 53. Kf4 1/2-1/2

[Event "CRO-chT U20 20th"]
[Site "Sv Filip i Jakov"]
[Date "2011.04.26"]
[Round "2"]
[White "Matkun, Maksim"]
[Black "Jambrusic, Zvonimir"]
[Result "1-0"]
[WhiteElo "1847"]
[BlackElo "1838"]
[PlyCount "42"]
[EventDate "2011.04.26"]
[EventType "team-tourn"]
[EventRounds "11"]
[EventCountry "CRO"]
[SourceTitle "EXT 2012"]
[Source "ChessBase"]
[SourceDate "2011.11.24"]
[SourceVersion "1"]
[SourceVersionDate "2011.11.24"]
[SourceQuality "1"]

1. e4 c6 2. d4 d5 3. e5 Bf5 4. Bd3 Bxd3 5. Qxd3 e6 6. f4 Ne7 7. Be3 Nf5 8. Bf2 Qb6 9. b3 c5 10. c3 cxd4 11. cxd4 Nc6 12. Ne2 Rc8 13. Nbc3 Bb4 14. 0-0 0-0 15. Nxd5 Qa5 16. Ne3 Nfxd4 17. Nxd4 Nxd4 18. Nc4 Rxc4 19. Qxc4 Nc6 20. Rfd1 Ne7 21. a3 b5 1-0

[Event "CRO-chT3B Center North"]
[Site "Cakovec"]
[Date "2010.10.16"]
[Round "8.52"]
[White "Matkun, Maksim"]
[Black "Maltar, Alberto"]
[Result "1/2-1/2"]
[WhiteElo "1963"]
[BlackElo "2133"]
[PlyCount "24"]
[EventDate "2010.03.27"]
[EventType "team-tourn"]
[EventRounds "9"]
[EventCountry "CRO"]
[SourceTitle "EXT 2012"]
[Source "ChessBase"]
[SourceDate "2011.11.24"]
[SourceVersion "1"]
[SourceVersionDate "2011.11.24"]
[SourceQuality "1"]

1. e4 c5 2. Nf3 e6 3. c3 Nf6 4. e5 Nd5 5. d4 cxd4 6. cxd4 Bb4+ 7. Bd2 Nc6 8. Nc3 Nxc3 9. bxc3 Be7 10. Bd3 d6 11. exd6 Bxd6 12. 0-0 0-0 1/2-1/2

[Event "CRO-chT3B Center North"]
[Site "Cakovec"]
[Date "2010.05.08"]
[Round "5.33"]
[White "Matkun, Maksim"]
[Black "Kelemen, Miljenko"]
[Result "1/2-1/2"]
[WhiteElo "1963"]
[BlackElo "2111"]
[PlyCount "50"]
[EventDate "2010.03.27"]
[EventType "team-tourn"]
[EventRounds "9"]
[EventCountry "CRO"]
[SourceTitle "EXT 2012"]
[Source "ChessBase"]
[SourceDate "2011.11.24"]
[SourceVersion "1"]
[SourceVersionDate "2011.11.24"]
[SourceQuality "1"]

1. e4 c5 2. Nf3 e6 3. c3 d5 4. e5 Nc6 5. d4 Qb6 6. Bd3 Bd7 7. 0-0 cxd4 8. cxd4 Nxd4 9. Nc3 Nxf3+ 10. Qxf3 Ne7 11. a4 a6 12. a5 Qc7 13. Bf4 Ng6 14. Bxg6 hxg6 15. Nxd5 Qc6 16. Nb6 Qxf3 17. gxf3 Rd8 18. Bg5 Be7 19. Bxe7 Kxe7 20. Rfd1 Bc6 21. Kg2 Rh4 22. Rxd8 Kxd8 23. Rd1+ Kc7 24. Na8+ Kc8 25. Nb6+ Kc7 1/2-1/2